000 00354nam a2200145Ia 4500
008 090124s9999 xx 000 0 und d
082 _b134662
245 _a नाती
250 _a1
260 _bभारद्वाज मंदाकिनी
_c2006
300 _a186
630 _a नाती
730 _a नाती
942 _cBOOK
999 _c194014
_d194014